[Event "MP Reykjavik Open 2011"]
[Site "Reykjavik ISL"]
[Date "2011.03.16"]
[Round "9.16"]
[White "Sveshnikov, Evgeny"]
[Black "Milliet, Sophie"]
[Result "1-0"]
[WhiteElo "2527"]
[BlackElo "2369"]
[PlyCount "75"]
[EventDate "2011.03.09"]
[EventType "swiss"]
[EventRounds "9"]
[EventCountry "ISL"]
[Source "lmi"]
[SourceDate "2011.03.09"]

1. e4 c5 2. Nf3 e6 3. b3 a6 4. Bb2 Nc6 5. c4 Nf6 6. e5 Ng4 7. h3 Nh6 8. g4 d6
9. Bg2 dxe5 10. Nxe5 Nd4 11. O-O Bd6 12. f4 O-O 13. Nc3 Qc7 14. Ne2 Bxe5 15.
fxe5 Qxe5 16. Nxd4 cxd4 17. Qf3 Qc5 18. Rae1 f5 19. Qg3 Rd8 20. Re5 Qd6 21.
gxf5 Nf7 22. Re3 Qxg3 23. Rxg3 exf5 24. Bd5 g6 25. Bxd4 Be6 26. Bxe6 Rxd4 27.
Rxf5 Rf8 28. Rxf7 Rxf7 29. Rf3 Rdd7 30. d4 Kg7 31. Rxf7+ Rxf7 32. Bxf7 Kxf7 33.
d5 Kf6 34. c5 Ke5 35. d6 Ke6 36. b4 Kd7 37. Kf2 g5 38. h4 1-0

[Event "MP Reykjavik Open 2011"]
[Site "Reykjavik ISL"]
[Date "2011.03.16"]
[Round "9.17"]
[White "Hillarp Persson, Tiger"]
[Black "Sareen, Vishal"]
[Result "1-0"]
[WhiteElo "2524"]
[BlackElo "2358"]
[PlyCount "65"]
[EventDate "2011.03.09"]
[EventType "swiss"]
[EventRounds "9"]
[EventCountry "ISL"]
[Source "lmi"]
[SourceDate "2011.03.09"]

1. d4 Nf6 2. Nf3 d5 3. c4 e6 4. Nc3 Be7 5. Bg5 O-O 6. e3 h6 7. Bf4 c5 8. dxc5
Bxc5 9. cxd5 Nxd5 10. Nxd5 exd5 11. Bd3 Nc6 12. O-O Qf6 13. Rc1 Bb6 14. Bb1 d4
15. Qd3 Re8 16. Qh7+ Kf8 17. Nd2 g5 18. Bg3 dxe3 19. fxe3 Bxe3+ 20. Kh1 Qg7 21.
Bd6+ Ne7 22. Qd3 Bxd2 23. Qxd2 Kg8 24. Rce1 Be6 25. Be5 Qf8 26. Qf2 Nc6 27. Bf6
Ne7 28. b3 Ng6 29. Qf3 Rac8 30. Qxb7 Qc5 31. Bxg6 Bd5 32. Rxe8+ Rxe8 33. Qd7
1-0

[Event "MP Reykjavik Open 2011"]
[Site "Reykjavik ISL"]
[Date "2011.03.16"]
[Round "9.18"]
[White "Dronavalli, Harika"]
[Black "Sigfusson, Sigurdur"]
[Result "1-0"]
[WhiteElo "2524"]
[BlackElo "2336"]
[PlyCount "51"]
[EventDate "2011.03.09"]
[EventType "swiss"]
[EventRounds "9"]
[EventCountry "ISL"]
[Source "lmi"]
[SourceDate "2011.03.09"]

1. c4 Nf6 2. g3 g6 3. Bg2 Bg7 4. Nc3 O-O 5. d4 d6 6. Nf3 Nc6 7. O-O a6 8. b3
Rb8 9. Nd5 Bg4 10. Bb2 b5 11. Ne3 bxc4 12. Nxc4 Qd7 13. Re1 Bh3 14. Bh1 Be6 15.
Rc1 Bh6 16. e3 Nb4 17. a3 Nc6 18. Nfd2 Rfc8 19. Qc2 d5 20. Ne5 Nxe5 21. dxe5
Bf5 22. Qc3 d4 23. Qxd4 c5 24. Qc3 Bg7 25. e4 Bh6 26. f4 1-0

[Event "MP Reykjavik Open 2011"]
[Site "Reykjavik ISL"]
[Date "2011.03.16"]
[Round "9.19"]
[White "Sammalvuo, Tapani"]
[Black "Karavade, Eesha"]
[Result "1-0"]
[WhiteElo "2471"]
[BlackElo "2330"]
[PlyCount "83"]
[EventDate "2011.03.09"]
[EventType "swiss"]
[EventRounds "9"]
[EventCountry "ISL"]
[Source "lmi"]
[SourceDate "2011.03.09"]

1. d4 Nf6 2. c4 g6 3. Nf3 Bg7 4. g3 d5 5. cxd5 Nxd5 6. Bg2 Nb6 7. Nc3 Nc6 8. e3
O-O 9. O-O Re8 10. Re1 a5 11. Qe2 Bg4 12. h3 Be6 13. Rd1 Bc4 14. Qc2 a4 15. Ne5
Nxe5 16. dxe5 Qc8 17. f4 f6 18. exf6 exf6 19. e4 Bf8 20. Be3 Qe6 21. Kh2 Red8
22. Qf2 Bb4 23. Bd4 Qe7 24. e5 f5 25. Bxb6 cxb6 26. Bd5+ Bxd5 27. Nxd5 Qc5 28.
Qg2 Kh8 29. a3 Ba5 30. Rac1 Qf8 31. Rc7 Rac8 32. Rxb7 Qg8 33. Qf3 Rc2+ 34. Kh1
Qe6 35. Re7 Qc8 36. e6 Rc1 37. Qf1 Rxd1 38. Qxd1 Qc4 39. Rd7 Qe4+ 40. Kh2 b5
41. Rxd8+ Bxd8 42. Nc3 1-0

[Event "MP Reykjavik Open 2011"]
[Site "Reykjavik ISL"]
[Date "2011.03.16"]
[Round "9.20"]
[White "Sveshnikov, Vladimir"]
[Black "Berbatov, Kiprian"]
[Result "0-1"]
[WhiteElo "2379"]
[BlackElo "2454"]
[PlyCount "138"]
[EventDate "2011.03.09"]
[EventType "swiss"]
[EventRounds "9"]
[EventCountry "ISL"]
[Source "lmi"]
[SourceDate "2011.03.09"]

1. e4 d5 2. exd5 Qxd5 3. Nc3 Qd6 4. d4 Nf6 5. Nf3 g6 6. Ne5 Bg7 7. Bf4 Nh5 8.
Be3 Nc6 9. f4 O-O 10. Bc4 Nf6 11. O-O a6 12. a3 e6 13. Kh1 Rd8 14. Qf3 Ne7 15.
Rad1 Rb8 16. Bd3 b5 17. Ne4 Nxe4 18. Bxe4 Nd5 19. Bf2 Bb7 20. c3 Ba8 21. Bb1 a5
22. Bh4 Re8 23. Qf2 Nf6 24. Rde1 Rbc8 25. b4 axb4 26. axb4 Bd5 27. Bd3 c6 28.
Ra1 Ra8 29. Qe2 Nh5 30. Bg3 f6 31. Ng4 Rxa1 32. Rxa1 Nxf4 33. Bxf4 Qxf4 34. Rf1
Qg5 35. Ne3 Kf7 36. Re1 Re7 37. Nxd5 Qxd5 38. Be4 Qd6 39. Bc2 e5 40. Bb3+ Kf8
41. Ra1 Qd7 42. dxe5 Rxe5 43. Qf2 Qe8 44. Qd2 f5 45. g4 Bf6 46. Qh6+ Bg7 47.
Qd2 Re2 48. Qd6+ Re7 49. gxf5 Be5 50. Qc5 Kg7 51. fxg6 hxg6 52. Rg1 Bf6 53. Bc2
Re1 54. Qa7+ Kh6 55. Qf2 Rxg1+ 56. Qxg1 Bxc3 57. Qc1+ Kg7 58. Bxg6 Qe5 59. Qb1
Bxb4 60. Qxb4 Kxg6 61. Qg4+ Kh6 62. Qh4+ Kg7 63. Qg4+ Kh6 64. Qh4+ Qh5 65. Qf6+
Qg6 66. Qh8+ Kg5 67. Qe5+ Qf5 68. Qg3+ Kh5 69. Qc3 Qf1# 0-1

[Event "MP Reykjavik Open 2011"]
[Site "Reykjavik ISL"]
[Date "2011.03.16"]
[Round "9.21"]
[White "Lagerman, Robert"]
[Black "Thorfinnsson, Bjorn"]
[Result "1/2-1/2"]
[WhiteElo "2320"]
[BlackElo "2419"]
[PlyCount "45"]
[EventDate "2011.03.09"]
[EventType "swiss"]
[EventRounds "9"]
[EventCountry "ISL"]
[Source "lmi"]
[SourceDate "2011.03.09"]

1. e4 c6 2. d4 d5 3. Nd2 dxe4 4. Nxe4 Bf5 5. Ng3 Bg6 6. h4 h6 7. Nf3 Nd7 8. h5
Bh7 9. Bd3 Bxd3 10. Qxd3 e6 11. Bd2 Ngf6 12. O-O-O Be7 13. Kb1 O-O 14. Ne4 Nxe4
15. Qxe4 Nf6 16. Qe2 Qd5 17. Ne5 Qe4 18. Qxe4 Nxe4 19. Be1 Rfd8 20. f3 Nd6 21.
Bb4 Kf8 22. g4 Rac8 23. Rhe1 1/2-1/2

[Event "MP Reykjavik Open 2011"]
[Site "Reykjavik ISL"]
[Date "2011.03.16"]
[Round "9.22"]
[White "Piasetski, Leon"]
[Black "Thorfinnsson, Bragi"]
[Result "0-1"]
[WhiteElo "2299"]
[BlackElo "2417"]
[PlyCount "72"]
[EventDate "2011.03.09"]
[EventType "swiss"]
[EventRounds "9"]
[EventCountry "ISL"]
[Source "lmi"]
[SourceDate "2011.03.09"]

1. d4 Nf6 2. Nf3 e6 3. g3 b5 4. Bg2 d5 5. O-O Nbd7 6. b3 Bb7 7. Bb2 b4 8. Nbd2
c5 9. e4 Nxe4 10. Nxe4 dxe4 11. Nd2 f5 12. f3 e3 13. Nc4 f4 14. gxf4 Qh4 15.
dxc5 Bxc5 16. Kh1 Qxf4 17. a3 Bd5 18. Qe2 Rb8 19. Rae1 Bxc4 20. Qxc4 Qxc4 21.
bxc4 b3 22. Bxg7 Rg8 23. Bc3 bxc2 24. Rc1 Rb3 25. Rxc2 e2 26. Rfc1 Rxc3 27.
Rxc3 Bf2 28. R3c2 e1=Q+ 29. Rxe1 Bxe1 30. Re2 Ba5 31. Rxe6+ Kf7 32. Rd6 Rd8 33.
Bf1 Bb6 34. h4 Nc5 35. Rxd8 Bxd8 36. h5 Kf6 0-1

[Event "MP Reykjavik Open 2011"]
[Site "Reykjavik ISL"]
[Date "2011.03.16"]
[Round "9.23"]
[White "Gislason, Gudmundur"]
[Black "Dearing, Eddie"]
[Result "1-0"]
[WhiteElo "2291"]
[BlackElo "2412"]
[PlyCount "81"]
[EventDate "2011.03.09"]
[EventType "swiss"]
[EventRounds "9"]
[EventCountry "ISL"]
[Source "lmi"]
[SourceDate "2011.03.09"]

1. d4 d5 2. c4 c6 3. Nf3 Nf6 4. Nc3 e6 5. e3 Nbd7 6. b3 Bb4 7. Bd2 Qe7 8. Be2
b6 9. O-O Bb7 10. cxd5 exd5 11. Re1 O-O 12. Bd3 Rfe8 13. Qc2 Qf8 14. Ng5 h6 15.
Nh3 a6 16. Nf4 Rac8 17. Bf5 g6 18. Bh3 Rcd8 19. Nd3 Bd6 20. f4 c5 21. Ne5 b5
22. Ne2 Qe7 23. Ng3 Nf8 24. Ba5 Ra8 25. dxc5 Bxc5 26. Rac1 Ba3 27. Rcd1 Bc8 28.
b4 Bxh3 29. gxh3 Rac8 30. Qb3 N8d7 31. Qxa3 Nxe5 32. fxe5 Nd7 33. Rxd5 Nxe5 34.
e4 Rc2 35. Rf1 Rec8 36. Qe3 Rxa2 37. Rf2 Ra4 38. Nf1 Rc6 39. Qf4 Re6 40. Bd8
Qe8 41. Bf6 1-0

[Event "MP Reykjavik Open 2011"]
[Site "Reykjavik ISL"]
[Date "2011.03.16"]
[Round "9.24"]
[White "Halldorsson, Jon Arni"]
[Black "Debashis, Das"]
[Result "1/2-1/2"]
[WhiteElo "2195"]
[BlackElo "2398"]
[PlyCount "59"]
[EventDate "2011.03.09"]
[EventType "swiss"]
[EventRounds "9"]
[EventCountry "ISL"]
[Source "lmi"]
[SourceDate "2011.03.09"]

1. d4 Nf6 2. Nf3 d5 3. c4 c6 4. cxd5 cxd5 5. Nc3 Nc6 6. Bf4 a6 7. Rc1 Bf5 8. e3
e6 9. Qb3 Ra7 10. Be2 Be7 11. Ne5 Nxe5 12. Bxe5 O-O 13. O-O b5 14. Bxf6 gxf6
15. Rfd1 Qb8 16. Bf3 Bg6 17. a3 Qa8 18. Na2 Rc8 19. Rxc8+ Qxc8 20. Rc1 Rc7 21.
Rxc7 Qxc7 22. Qc3 Qc4 23. Qxc4 bxc4 24. Kf1 a5 25. Ke1 Kf8 26. Kd2 Ke8 27. Nc3
f5 28. Bd1 Kd7 29. g3 f6 30. f4 1/2-1/2

[Event "MP Reykjavik Open 2011"]
[Site "Reykjavik ISL"]
[Date "2011.03.16"]
[Round "9.25"]
[White "Henrichs, Thomas"]
[Black "Stigar, Petter"]
[Result "1-0"]
[WhiteElo "2480"]
[BlackElo "2328"]
[PlyCount "61"]
[EventDate "2011.03.09"]
[EventType "swiss"]
[EventRounds "9"]
[EventCountry "ISL"]
[Source "lmi"]
[SourceDate "2011.03.09"]

1. d4 d5 2. c4 c6 3. Nf3 Nf6 4. Nc3 dxc4 5. a4 Bf5 6. Ne5 e6 7. f3 Bb4 8. e4
Bxe4 9. fxe4 Nxe4 10. Bd2 Qxd4 11. Nxe4 Qxe4+ 12. Qe2 Bxd2+ 13. Kxd2 Qd5+ 14.
Kc2 Na6 15. Nxc4 O-O 16. Qe5 Rfb8 17. Be2 f6 18. Qxd5 cxd5 19. Nd6 Nc7 20. Kd2
Ne8 21. Nxe8 Rxe8 22. Rhc1 Re7 23. Ra3 Rd8 24. Rac3 Rd6 25. Rc8+ Kf7 26. b4 f5
27. g4 f4 28. g5 e5 29. Bh5+ g6 30. Bg4 e4 31. Rh8 1-0

[Event "MP Reykjavik Open 2011"]
[Site "Reykjavik ISL"]
[Date "2011.03.16"]
[Round "9.26"]
[White "Einarsson, Halldor Gretar"]
[Black "Gretarsson, Hjorvar Steinn"]
[Result "1-0"]
[WhiteElo "2220"]
[BlackElo "2444"]
[PlyCount "77"]
[EventDate "2011.03.09"]
[EventType "swiss"]
[EventRounds "9"]
[EventCountry "ISL"]
[Source "lmi"]
[SourceDate "2011.03.09"]

1. d4 Nf6 2. c4 e6 3. Nf3 Bb4+ 4. Bd2 a5 5. g3 b6 6. Bg2 Bb7 7. O-O O-O 8. d5
exd5 9. Nd4 Re8 10. Bxb4 axb4 11. Nf5 Ne4 12. cxd5 Qg5 13. f3 Nf6 14. e4 Nxd5
15. Qc2 Ra5 16. f4 Qf6 17. Nd2 Ne7 18. Qxc7 Nxf5 19. e5 Qe6 20. Qxb7 Na6 21.
Nb3 Nc5 22. Nxc5 Rxc5 23. Rfd1 Rc2 24. Be4 Rxb2 25. Qxd7 Ne3 26. Qxe6 fxe6 27.
Rdb1 Rd2 28. Rxb4 Ng4 29. Rxb6 Nf2 30. Bg2 Rc8 31. a4 Rcc2 32. Rd6 Re2 33. Bf1
Re3 34. a5 Ng4 35. Rd3 Rxd3 36. Bxd3 Rd2 37. Be4 Rd7 38. a6 Ra7 39. Bd3 1-0

[Event "MP Reykjavik Open 2011"]
[Site "Reykjavik ISL"]
[Date "2011.03.16"]
[Round "9.27"]
[White "Mack, Wolfgang"]
[Black "Ziska, Helgi Dam"]
[Result "0-1"]
[WhiteElo "2282"]
[BlackElo "2432"]
[PlyCount "36"]
[EventDate "2011.03.09"]
[EventType "swiss"]
[EventRounds "9"]
[EventCountry "ISL"]
[Source "lmi"]
[SourceDate "2011.03.09"]

1. c4 g6 2. g3 Bg7 3. Bg2 d6 4. Nc3 Nf6 5. e4 O-O 6. Nge2 e5 7. O-O Be6 8. d3
Qd7 9. f4 Nc6 10. Nd5 exf4 11. Ndxf4 Ne5 12. Nxe6 fxe6 13. Qc2 c5 14. a4 Qe7
15. Nf4 g5 16. Ne2 Nfg4 17. h3 Rxf1+ 18. Bxf1 Nf3+ 0-1

[Event "MP Reykjavik Open 2011"]
[Site "Reykjavik ISL"]
[Date "2011.03.16"]
[Round "9.29"]
[White "Tiller, Bjorn"]
[Black "Ptacnikova, Lenka"]
[Result "1-0"]
[WhiteElo "2393"]
[BlackElo "2307"]
[PlyCount "127"]
[EventDate "2011.03.09"]
[EventType "swiss"]
[EventRounds "9"]
[EventCountry "ISL"]
[Source "lmi"]
[SourceDate "2011.03.09"]

1. e4 c5 2. Nc3 Nc6 3. g3 g6 4. Bg2 Bg7 5. d3 d6 6. Be3 e6 7. Qd2 Nge7 8. Bh6
O-O 9. h4 Bxh6 10. Qxh6 f6 11. Qd2 Rb8 12. h5 g5 13. h6 Nd4 14. f4 g4 15. Nge2
Nec6 16. Nxd4 Nxd4 17. Nd1 f5 18. c3 Nc6 19. Ne3 Qa5 20. Rh5 Bd7 21. Kf2 Kh8
22. a3 Be8 23. Rhh1 Bg6 24. b4 Qc7 25. exf5 Bxf5 26. Nxf5 exf5 27. d4 cxb4 28.
axb4 a6 29. d5 Qb6+ 30. Kf1 Ne7 31. c4 Rf7 32. Re1 Kg8 33. c5 Qb5+ 34. Kg1 Rd8
35. Rh5 Qc4 36. c6 Kf8 37. cxb7 Qb5 38. Qc3 Ke8 39. Qc6+ Kf8 40. Qxb5 axb5 41.
Ra1 Kg8 42. Rg5+ Ng6 43. Ra8 Rff8 44. Rxd8 Rxd8 45. Rxf5 Rb8 46. Rf6 Rxb7 47.
Rxd6 Kf7 48. Bf1 Ne7 49. Bd3 Ra7 50. Bxh7 Ra1+ 51. Kf2 Ra2+ 52. Kf1 Ra1+ 53.
Ke2 Ra2+ 54. Ke3 Ra3+ 55. Kd4 Rxg3 56. Be4 Rh3 57. h7 g3 58. Rd7 Ke8 59. Rc7 g2
60. Bxg2 Rxh7 61. d6 Nf5+ 62. Ke5 Ng7 63. f5 Kf8 64. Rc8+ 1-0

[Event "MP Reykjavik Open 2011"]
[Site "Reykjavik ISL"]
[Date "2011.03.16"]
[Round "9.30"]
[White "Devereaux, Maxim L"]
[Black "Sahl, Sheila Barth"]
[Result "1/2-1/2"]
[WhiteElo "2385"]
[BlackElo "2173"]
[PlyCount "55"]
[EventDate "2011.03.09"]
[EventType "swiss"]
[EventRounds "9"]
[EventCountry "ISL"]
[Source "lmi"]
[SourceDate "2011.03.09"]

1. a3 e5 2. c4 Nf6 3. Nc3 Be7 4. g3 c6 5. Nf3 Qc7 6. Bg2 O-O 7. O-O d5 8. cxd5
cxd5 9. d4 e4 10. Ne5 Nc6 11. Nxc6 Qxc6 12. f3 exf3 13. exf3 b5 14. Be3 a5 15.
Re1 Be6 16. Bf1 Rfb8 17. Rc1 Qe8 18. Qd3 b4 19. Nb5 Bd8 20. Bf4 Rb6 21. Rc5
bxa3 22. bxa3 Qd7 23. a4 Bh3 24. Bxh3 Qxh3 25. Rxd5 Be7 26. Qf5 Qxf5 27. Rxf5
Bb4 28. Rc1 1/2-1/2

[Event "MP Reykjavik Open 2011"]
[Site "Reykjavik ISL"]
[Date "2011.03.16"]
[Round "9.31"]
[White "Arngrimsson, Dagur"]
[Black "Holm, Kristian Stuvik"]
[Result "1/2-1/2"]
[WhiteElo "2367"]
[BlackElo "2240"]
[PlyCount "44"]
[EventDate "2011.03.09"]
[EventType "swiss"]
[EventRounds "9"]
[EventCountry "ISL"]
[Source "lmi"]
[SourceDate "2011.03.09"]

1. e4 c5 2. Nf3 g6 3. c3 Bg7 4. d4 cxd4 5. cxd4 d5 6. e5 Bg4 7. Nbd2 Nc6 8. Qb3
Qd7 9. h3 Bf5 10. g4 Be6 11. Qa3 f6 12. Nb3 fxe5 13. Bb5 e4 14. Ne5 Bxe5 15.
dxe5 Kf7 16. Be3 h5 17. Rc1 a6 18. Nc5 Qc8 19. Be2 hxg4 20. h4 Rh5 21. Bg5 Nxe5
22. Nxe4 Qb8 1/2-1/2

[Event "MP Reykjavik Open 2011"]
[Site "Reykjavik ISL"]
[Date "2011.03.16"]
[Round "9.32"]
[White "Sipila, Vilka"]
[Black "Omarsson, Dadi"]
[Result "0-1"]
[WhiteElo "2347"]
[BlackElo "2214"]
[PlyCount "132"]
[EventDate "2011.03.09"]
[EventType "swiss"]
[EventRounds "9"]
[EventCountry "ISL"]
[Source "lmi"]
[SourceDate "2011.03.09"]

1. d3 Nf6 2. e4 e5 3. Nf3 Nc6 4. Be2 d5 5. exd5 Nxd5 6. O-O Be7 7. c4 Nf6 8.
Nc3 O-O 9. Re1 h6 10. Qb3 b6 11. Nd5 Bc5 12. Be3 Bxe3 13. fxe3 Be6 14. Nxf6+
Qxf6 15. Qc3 Rad8 16. Rad1 Rfe8 17. a3 Qg6 18. Nxe5 Nxe5 19. Qxe5 Bxc4 20. Qc3
Ba6 21. Bf1 c5 22. b4 Rd5 23. e4 Rde5 24. bxc5 bxc5 25. Re3 Qd6 26. Rg3 Rd8 27.
Rb1 Qd4+ 28. Qxd4 Rxd4 29. Rb8+ Kh7 30. Rf8 Re7 31. Be2 c4 32. dxc4 Bxc4 33.
Bxc4 Rxc4 34. e5 g5 35. Re3 Kg7 36. Ra8 Rc5 37. h4 a5 38. hxg5 hxg5 39. Ra6
Rexe5 40. Rxe5 Rxe5 41. Kf2 Rf5+ 42. Kg3 f6 43. Kh3 Kg6 44. Rc6 Rb5 45. Rc3 a4
46. g3 Rb3 47. Rc6 Rxa3 48. Ra6 Kf5 49. Ra5+ Ke4 50. Kg4 f5+ 51. Kxg5 Rxg3+ 52.
Kf6 a3 53. Ra4+ Kd5 54. Kxf5 Kc5 55. Ra8 Kb4 56. Kf4 Rh3 57. Ke4 Kb3 58. Kd4
Rh4+ 59. Kd3 a2 60. Ra7 Ra4 61. Rb7+ Rb4 62. Ra7 Kb2 63. Kd2 a1=Q 64. Ra2+ Qxa2
65. Kd1 Kc3 66. Kc1 Rb1# 0-1

[Event "MP Reykjavik Open 2011"]
[Site "Reykjavik ISL"]
[Date "2011.03.16"]
[Round "9.33"]
[White "Thorsteinsdottir, Hallgerdur"]
[Black "Forsaa, Espen"]
[Result "0-1"]
[WhiteElo "2011"]
[BlackElo "2340"]
[PlyCount "78"]
[EventDate "2011.03.09"]
[EventType "swiss"]
[EventRounds "9"]
[EventCountry "ISL"]
[Source "lmi"]
[SourceDate "2011.03.09"]

1. d4 Nf6 2. c4 g6 3. Nc3 d5 4. cxd5 Nxd5 5. Bd2 Bg7 6. e4 Nb6 7. Be3 O-O 8.
Bb5 Be6 9. Nf3 c6 10. Be2 N8d7 11. O-O Nc4 12. Ng5 Nxe3 13. fxe3 Bh6 14. Nxe6
Bxe3+ 15. Kh1 fxe6 16. Qd3 Bg5 17. Qc4 Rxf1+ 18. Rxf1 Nf8 19. Bg4 Qd7 20. d5
Rd8 21. Qd4 e5 22. Qd1 Qd6 23. Qb3 cxd5 24. Nxd5 e6 25. Nc3 Qc6 26. a3 Kg7 27.
Rd1 Rd4 28. Bf3 Qd7 29. Qb5 Bf4 30. Qc5 b6 31. Qb5 Qd6 32. Qa6 Qe7 33. g3 Be3
34. Nb5 Rxd1+ 35. Bxd1 Qf6 36. Kg2 Qf2+ 37. Kh3 Qf1+ 38. Kh4 g5+ 39. Kg4 h5+
0-1

[Event "MP Reykjavik Open 2011"]
[Site "Reykjavik ISL"]
[Date "2011.03.16"]
[Round "9.34"]
[White "Johannesson, Ingvar Thor"]
[Black "Sellitti, Federico"]
[Result "1/2-1/2"]
[WhiteElo "2338"]
[BlackElo "2142"]
[PlyCount "23"]
[EventDate "2011.03.09"]
[EventType "swiss"]
[EventRounds "9"]
[EventCountry "ISL"]
[Source "lmi"]
[SourceDate "2011.03.09"]

1. c4 c5 2. g3 g6 3. Bg2 Bg7 4. Nc3 Nc6 5. a3 a6 6. Rb1 Rb8 7. b4 cxb4 8. axb4
b5 9. cxb5 axb5 10. Nf3 Nf6 11. d4 d5 12. O-O 1/2-1/2

[Event "MP Reykjavik Open 2011"]
[Site "Reykjavik ISL"]
[Date "2011.03.16"]
[Round "9.35"]
[White "Michalczak, Thomas"]
[Black "Vovk, Oksana"]
[Result "1-0"]
[WhiteElo "2332"]
[BlackElo "2204"]
[PlyCount "53"]
[EventDate "2011.03.09"]
[EventType "swiss"]
[EventRounds "9"]
[EventCountry "ISL"]
[Source "lmi"]
[SourceDate "2011.03.09"]

1. e4 e6 2. d4 d5 3. Nc3 Nf6 4. Bg5 Bb4 5. e5 h6 6. Bh4 g5 7. Bg3 Bxc3+ 8. bxc3
Ne4 9. Bd3 Nxg3 10. hxg3 c5 11. Nf3 Qa5 12. Qd2 Nc6 13. Nxg5 cxd4 14. Qf4 Qxc3+
15. Ke2 Nd8 16. Rab1 Kd7 17. Qf6 Rg8 18. Rxh6 Qc5 19. Rb5 Qe7 20. Rxd5+ exd5
21. Bb5+ Nc6 22. Bxc6+ bxc6 23. Qxc6+ Kd8 24. Rd6+ Bd7 25. Qxa8+ Kc7 26. Qxa7+
Kd8 27. Qb8# 1-0

[Event "MP Reykjavik Open 2011"]
[Site "Reykjavik ISL"]
[Date "2011.03.16"]
[Round "9.36"]
[White "Geske, Julian"]
[Black "Mihajlov, Sebastian"]
[Result "1-0"]
[WhiteElo "2329"]
[BlackElo "1871"]
[PlyCount "79"]
[EventDate "2011.03.09"]
[EventType "swiss"]
[EventRounds "9"]
[EventCountry "ISL"]
[Source "lmi"]
[SourceDate "2011.03.09"]

1. e4 e5 2. Nf3 Nc6 3. Bb5 a6 4. Ba4 Nf6 5. d3 b5 6. Bb3 Be7 7. a4 b4 8. O-O d6
9. a5 O-O 10. Nbd2 Nb8 11. Nc4 Be6 12. Bd2 Bxc4 13. Bxc4 c5 14. c3 bxc3 15.
bxc3 Nc6 16. Qa4 Qc7 17. Rfb1 Rfb8 18. Ng5 Nd8 19. Rxb8 Qxb8 20. Qa2 Qc7 21.
Nxf7 Nxf7 22. Bxf7+ Kh8 23. Bc4 h6 24. h3 Nd7 25. f4 exf4 26. Bxf4 Bf6 27. Qd2
Ne5 28. Bd5 Rb8 29. Bxh6 Nxd3 30. Qxd3 gxh6 31. Rf1 Qg7 32. Qxa6 Bxc3 33. Qxd6
Be5 34. Qe6 Rb2 35. Qe8+ Kh7 36. Rf7 Bd4+ 37. Kf1 Rf2+ 38. Rxf2 Bxf2 39. Bg8+
Kh8 40. Be6+ 1-0

[Event "MP Reykjavik Open 2011"]
[Site "Reykjavik ISL"]
[Date "2011.03.16"]
[Round "9.37"]
[White "Horn, Emilia"]
[Black "Zelbel, Patrick"]
[Result "0-1"]
[WhiteElo "2031"]
[BlackElo "2410"]
[PlyCount "76"]
[EventDate "2011.03.09"]
[EventType "swiss"]
[EventRounds "9"]
[EventCountry "ISL"]
[Source "lmi"]
[SourceDate "2011.03.09"]

1. e4 e5 2. Bc4 Nf6 3. d3 Nc6 4. Nc3 Na5 5. Nf3 Nxc4 6. dxc4 d6 7. O-O Be6 8.
b3 Be7 9. Qd3 c6 10. Bb2 Qc7 11. Rad1 h6 12. Rfe1 O-O-O 13. Qe3 Kb8 14. a4 g5
15. Nd2 g4 16. b4 Qb6 17. Qxb6 axb6 18. Re3 Kc7 19. Ne2 Ra8 20. Ra1 Nd7 21. f4
gxf3 22. Rxf3 Bg5 23. Rd3 Bxd2 24. Rxd2 Bxc4 25. Ng3 Be6 26. Kf2 Rhg8 27. Rd3
Rg6 28. Bc1 Nf6 29. h3 Rag8 30. Raa3 Rxg3 31. Rxg3 Nxe4+ 32. Kf3 Rxg3+ 33. Ke2
Rxa3 34. Bxa3 f5 35. Bc1 f4 36. Kf3 Ng5+ 37. Ke2 Bd5 38. Kf2 Kd7 0-1

[Event "MP Reykjavik Open 2011"]
[Site "Reykjavik ISL"]
[Date "2011.03.16"]
[Round "9.38"]
[White "Guindy, Esmat"]
[Black "Thorhallsson, Throstur"]
[Result "0-1"]
[WhiteElo "2153"]
[BlackElo "2387"]
[PlyCount "52"]
[EventDate "2011.03.09"]
[EventType "swiss"]
[EventRounds "9"]
[EventCountry "ISL"]
[Source "lmi"]
[SourceDate "2011.03.09"]

1. d4 d5 2. c4 dxc4 3. e4 a6 4. a4 e5 5. Nf3 exd4 6. Qxd4 Qxd4 7. Nxd4 Bc5 8.
Be3 Nf6 9. f3 Nc6 10. Nc2 Nb4 11. Nba3 Bxe3 12. Nxe3 b5 13. Rb1 Bd7 14. b3 Nd3+
15. Kd2 Nf2 16. Rg1 N2xe4+ 17. fxe4 Nxe4+ 18. Kc2 cxb3+ 19. Rxb3 Nc5 20. Rc3
Nxa4 21. Rxc7 Kd8 22. Rxd7+ Kxd7 23. Nxb5 Rhc8+ 24. Kd2 axb5 25. Bxb5+ Ke7 26.
Nc4 Kf8 0-1

[Event "MP Reykjavik Open 2011"]
[Site "Reykjavik ISL"]
[Date "2011.03.16"]
[Round "9.39"]
[White "Huguet, Sergio"]
[Black "Degtiarev, Evgeny"]
[Result "0-1"]
[WhiteElo "2140"]
[BlackElo "2368"]
[PlyCount "80"]
[EventDate "2011.03.09"]
[EventType "swiss"]
[EventRounds "9"]
[EventCountry "ISL"]
[Source "lmi"]
[SourceDate "2011.03.09"]

1. d4 d5 2. e3 g6 3. Bd3 Bg7 4. f4 Nh6 5. Nf3 Nf5 6. O-O Nd6 7. Nbd2 Bf5 8. Qe2
O-O 9. c3 Bxd3 10. Qxd3 Nd7 11. Ne5 e6 12. Ndf3 c5 13. Bd2 c4 14. Qe2 Nb8 15.
Be1 b5 16. Bh4 Qc7 17. Ng4 f6 18. Nf2 Qb7 19. g4 b4 20. Bg3 f5 21. Ne5 a5 22.
gxf5 exf5 23. Qf3 Ra6 24. h4 Ne4 25. Nxe4 fxe4 26. Qe2 Rf5 27. Rac1 Rb6 28. Be1
Nd7 29. Rf2 Nf8 30. Rg2 Bxe5 31. fxe5 Rf3 32. Rf2 Qf7 33. Bd2 Qf5 34. Rxf3 exf3
35. Qf2 bxc3 36. Bxc3 g5 37. Bxa5 Rh6 38. Be1 Rxh4 39. a4 Qh3 40. Qf1 Qh2# 0-1

[Event "MP Reykjavik Open 2011"]
[Site "Reykjavik ISL"]
[Date "2011.03.16"]
[Round "9.40"]
[White "Kjartansson, Gudmundur"]
[Black "Steil-Antoni, Fiona"]
[Result "1-0"]
[WhiteElo "2327"]
[BlackElo "2117"]
[PlyCount "67"]
[EventDate "2011.03.09"]
[EventType "swiss"]
[EventRounds "9"]
[EventCountry "ISL"]
[Source "lmi"]
[SourceDate "2011.03.09"]

1. c4 d6 2. d4 e5 3. Nf3 e4 4. Ng5 f5 5. g3 Be7 6. Nh3 Nf6 7. Nc3 c6 8. d5 Nbd7
9. Bg2 Ne5 10. b3 O-O 11. O-O Qa5 12. Bd2 Qc7 13. Rc1 Bd7 14. Kh1 c5 15. f3
exf3 16. exf3 Rae8 17. Qc2 a6 18. f4 Ng6 19. Ng5 Bd8 20. Ne6 Bxe6 21. dxe6 Ne7
22. Nd5 Qc8 23. Rce1 Ng4 24. h3 Nh6 25. Bc3 Nxd5 26. Bxd5 Kh8 27. Qg2 Re7 28.
g4 fxg4 29. hxg4 Ng8 30. g5 b5 31. Re3 h6 32. f5 Kh7 33. f6 Ra7 34. g6+ 1-0

[Event "MP Reykjavik Open 2011"]
[Site "Reykjavik ISL"]
[Date "2011.03.16"]
[Round "9.41"]
[White "Kovachev, Daniel Jakobsen"]
[Black "Maack, Kjartan"]
[Result "1/2-1/2"]
[WhiteElo "2307"]
[BlackElo "2157"]
[PlyCount "118"]
[EventDate "2011.03.09"]
[EventType "swiss"]
[EventRounds "9"]
[EventCountry "ISL"]
[Source "lmi"]
[SourceDate "2011.03.09"]

1. e4 e5 2. Nf3 Nc6 3. Bb5 a6 4. Ba4 Nf6 5. O-O Be7 6. Re1 b5 7. Bb3 d6 8. c3
O-O 9. h3 Na5 10. Bc2 c5 11. d4 Qc7 12. Nbd2 Bd7 13. Nf1 Nc4 14. Ne3 Nxe3 15.
Bxe3 Rfc8 16. Rc1 a5 17. Nd2 c4 18. f4 Be8 19. Nf3 Nd7 20. Qe2 Rab8 21. Kh1 f6
22. g4 Bf7 23. g5 fxg5 24. fxe5 dxe5 25. Nxg5 Bxg5 26. Bxg5 Rb6 27. Rg1 b4 28.
Bd1 Nf8 29. Qg2 Bg6 30. Bf3 bxc3 31. bxc3 Rcb8 32. h4 Qf7 33. Rc2 Ne6 34. Rf2
Nf4 35. Bxf4 Qxf4 36. h5 Qh4+ 37. Qh2 Qxh2+ 38. Rxh2 Be8 39. dxe5 Re6 40. Be2
Rxe5 41. Rhg2 g6 42. hxg6 Bxg6 43. Bxc4+ Kh8 44. Bd5 Bxe4 45. Bxe4 Rxe4 46. Rd1
Rg8 47. Rdd2 Reg4 48. Rxg4 Rxg4 49. Rc2 Kg7 50. c4 Kf7 51. c5 Ke7 52. c6 Kd8
53. c7+ Kc8 54. Kh2 a4 55. Kh3 Rb4 56. Kg3 Rb7 57. Rc4 a3 58. Rc3 Rxc7 59. Rxa3
Kb7 1/2-1/2